| 000 | 00000nam 2200000zi 4500 |
| 001 | 9.936987 |
| 003 | CaOODSP |
| 005 | 20240417135107 |
| 006 | m o d f |
| 007 | cr cn||||||||| |
| 008 | 240417s1987 onc or f000 0 fre d |
| 040 | |aCaOODSP|bfre|erda|cCaOODSP |
| 043 | |an-cn-qu |
| 086 | 1 |aC29-3/1-1987F-PDF |
| 245 | 02|aL'aérospatiale au Québec 1987. |
| 264 | 1|a[Ottawa] : |bExpansion industrielle régionale = Regional Industrial Expansion, |c[1987] |
| 300 | |a1 ressource en ligne (134 pages) |
| 336 | |atexte|btxt|2rdacontent/fre |
| 337 | |ainformatique|bc|2rdamedia/fre |
| 338 | |aressource en ligne|bcr|2rdacarrier/fre |
| 500 | |aPublié aussi en anglais sous le titre : Québec aerospace 1987. |
| 500 | |aÉdition numérisée de l'imprimé [par Innovation, sciences et développement économique Canada]. |
| 650 | 6|aIndustries aérospatiales|zQuébec (Province)|vRépertoires. |
| 655 | 7|aRépertoires|2rvmgf |
| 710 | 1 |aCanada. |bMinistère de l'expansion industrielle régionale, |eorganisme de publication. |
| 775 | 08|tQuébec aerospace 1987.|w(CaOODSP)9.936975 |
| 856 | 40|qPDF|s12.90 Mo|uhttps://publications.gc.ca/collections/collection_2024/isde-ised/C29-3-1-1987-fra.pdf |